书目信息 |
| 题名: |
中国少数民族建筑
|
|
| 作者: | 易风 编著 | |
| 分册: | ||
| 出版信息: | 北京 中国画报出版社 2004 |
|
| 页数: | 206页 | |
| 开本: | 20cm | |
| 丛书名: | 二十一世纪中国少数民族系列丛书 | |
| 单 册: | ||
| 中图分类: | TU253 | |
| 科图分类: | ||
| 主题词: | 少数民族--建筑艺术--中国 , 少数民族 , 建筑艺术 , 建筑设计 | |
| 电子资源: | ||
| ISBN: | 7-80024-757-0 | |
| 000 | 01001oam2 2200289 450 | |
| 001 | 010005015011 | |
| 005 | 20061031164513.96 | |
| 010 | @a7-80024-757-0@dCNY29.50 | |
| 100 | @a20041108d2004 em y0chiy0120 ea | |
| 101 | 0 | @achi |
| 102 | @aCN@b110000 | |
| 105 | @aa z 000yy | |
| 200 | 1 | @a中国少数民族建筑@9zhong guo shao shu min zu jian zhu@f易风编著 |
| 210 | @a北京@c中国画报出版社@d2004 | |
| 215 | @a206页@c图,照片@d20cm | |
| 225 | 2 | @a二十一世纪中国少数民族系列丛书@v6 |
| 330 | @a本书研究了各少数的建筑,即蒙古族、回族、藏族、维吾尔族、苗族、彝族、壮族、布依族、朝鲜族、满族、侗族、瑶族、白族、土家族、哈尼族等。 | |
| 461 | 0 | @12001 @a二十一世纪中国少数民族系列丛书@v6@1701 0@a李春生@4主编 |
| 510 | 1 | @aArchitecture of the Ethnic Groups in China@zeng |
| 606 | 0 | @a少数民族@x建筑艺术@y中国 |
| 606 | 0 | @a少数民族 |
| 606 | 0 | @a建筑艺术 |
| 606 | 0 | @a建筑设计 |
| 690 | @aTU253@v4 | |
| 701 | 0 | @a易风@9yi feng@4编著 |
| 801 | 0 | @aCN@bRENTIAN@c20061031 |
| 905 | @a10447@dTU253@e318 | |
| 中国少数民族建筑/易风编著.-北京:中国画报出版社,2004 |
| 206页:图,照片;20cm.-(二十一世纪中国少数民族系列丛书;6) |
| ISBN 7-80024-757-0:CNY29.50 |
| 本书研究了各少数的建筑,即蒙古族、回族、藏族、维吾尔族、苗族、彝族、壮族、布依族、朝鲜族、满族、侗族、瑶族、白族、土家族、哈尼族等。 |
| ● |
| 相关链接 |
|
|
|
|
正题名:中国少数民族建筑
索取号:TU253/318
 
预约/预借
| 序号 | 登录号 | 条形码 | 馆藏地/架位号 | 状态 | 备注 |
| 1 | 0386597 | 203865978 | 第二样本阅览室/ [索取号:TU253/318] | 在馆 | |
| 2 | 0386598 | 203865987 | 第三借阅区/ [索取号:TU253/318] | 在馆 | |
| 3 | 0386599 | 203865996 | 第三借阅区/ [索取号:TU253/318] | 在馆 | |
| 4 | 0386600 | 203866003 | 第三借阅区/ [索取号:TU253/318] | 在馆 | |
| 5 | 0386601 | 203866012 | 第三借阅区/ [索取号:TU253/318] | 在馆 |